عرض عادي عرض مارك
  • الكيمياء الفيزيائية

مدخل مصطلح موضوعي

عدد التسجيلات المستخدمة في: 2

001 - رقم الضبط

  • حقل الضبط: 49443

003 - معرف رقم الضبط

  • حقل الضبط: OSt

005 - تاريخ ووقت أخر عملية

  • حقل الضبط: 20150727041714.0

008 - عناصر بيانات ثابتة الطول

  • حقل تحكم ثابت الطول: 150727|| aca||aabn | a|a d

040 ## - مصدر الفهرسة

  • هيئة الفهرسة الأصلية: OSt
  • وكالة الكتابة: OSt

150 ## - مدخل-- مصطلح تاريخي

  • عنصر مدخل المصطلح الموضوعي او الاسم الجغرافي: الكيمياء الفيزيائية
  • تفريع عام: دراسة وتعليم (عالي)
  • تفريع جغرافي: سوريا

670 ## - بيانات المصدر موجوده

  • الاستشهاد بالمصدر: Work cat.: (OSt): اليحيى، أحمد 49440, المفاهيم الفيزيائية والكيميائية /, 2014.